UFC odd one out - Statistics

General Stats
  • This quiz has been taken 1,326 times
    645 since last reset
  • The average score is 10 of 15
Answer Stats
Question Answer % Correct
Undefeated fighters. Islam Makhachev
92%
Fighters who have fought Jon Jones. Jiri Prochazka
89%
Two division champions. Kamaru Usman
88%
Countries with at least one UFC champion. Greece
86%
Fighters who have fought against Connor McGregor. Charles Oliveira
85%
Champions with three or more title defences. Leon Edwards
85%
BMF Belt holders. Dustin Poirier
84%
Heavyweight undisputed champions. Ciryl Gane
82%
UFC Undisputed champion. Alistair Overeem
81%
European UFC champions Marvin Vettori
67%
Fighters with over 20 wins in the UFC. Tony Ferguson
66%
Champions without a single title defence. Jan Blachowicz
52%
Countries that have held at least one UFC event. Italy
51%
Fighters with 15+ finishes in the UFC. Anderson Silva
25%
Fighters with 70+ successful takedowns in the UFC. Khabib Nurmagomedov
10%
No matching quizzes found
Score Distribution
Percent of People with Each Score
Percentile by Number Answered
Your Score History
You have not taken this quiz since the last reset